Approaches to the analysis of production activity at archaeological sites /
Proceedings of a workshop held in Berlin, 2018, focusing on manufacturing activities identified at archaeological sites. New excavation techniques, ethnographic research, archaeometric approaches, GIS, experimental archaeology, and theoretical issues associated with how researchers understand produc...
مؤلفون آخرون: ,
التنسيق: كتاب الكتروني
اللغة: English
منشور في:
Oxford :
Archaeopress Archaeology,
2020.
الموضوعات:
الوصول للمادة أونلاين: Login to view Source
الوسوم: إضافة وسم
رقم الطلب: CC165
| LEADER | 01975nam a2200409 i 4500 | ||
|---|---|---|---|
| 001 | EDZ0002251009 | ||
| 003 | StDuBDS | ||
| 005 | 20230412182801.0 | ||
| 006 | m|||||o||d|||||||| | ||
| 007 | cr ||||||||||| | ||
| 008 | 200505s2020 enka fob 100|0|eng|d | ||
| 020 | |a 9781789695588 (ebook) : |c No price | ||
| 040 | |a StDuBDS |b eng |c StDuBDS |e rda |e pn | ||
| 050 | 4 | |a CC165 | |
| 082 | 0 | 4 | |a 930.1 |2 23 |
| 245 | 0 | 0 | |a Approaches to the analysis of production activity at archaeological sites / |c edited by Anna K. Hodgkinson and Cecilie Lelek Tvetmarken. |
| 264 | 1 | |a Oxford : |b Archaeopress Archaeology, |c 2020. | |
| 300 | |a 1 online resource (206 pages) : |b illustrations (black and white, and colour) | ||
| 336 | |a text |2 rdacontent | ||
| 336 | |a still image |2 rdacontent | ||
| 337 | |a computer |2 rdamedia | ||
| 338 | |a online resource |2 rdacarrier | ||
| 500 | |a Conference proceedings. | ||
| 500 | |a "Available both in print and Open Access"--Home page. | ||
| 504 | |a Includes bibliographical references. | ||
| 506 | 0 | |a Open access. | |
| 520 | 8 | |a Proceedings of a workshop held in Berlin, 2018, focusing on manufacturing activities identified at archaeological sites. New excavation techniques, ethnographic research, archaeometric approaches, GIS, experimental archaeology, and theoretical issues associated with how researchers understand production in the past, are presented here. | |
| 521 | |a Specialized. | ||
| 588 | |a Description based on online resource; title from PDF title page (viewed on May 5, 2020). | ||
| 650 | 0 | |a Archaeology |x Methodology |v Congresses. | |
| 700 | 1 | |a Hodgkinson, Anna K. |q (Anna Kathrin), |e editor. | |
| 700 | 1 | |a Tvetmarken, Cecilie Lelek, |e editor. | |
| 776 | 0 | 8 | |i Print version : |z 9781789695571 |
| 856 | 4 | 0 | |3 Archaeopress |u http://library.arce.org:8087/Archaeopress/Products/9781789695571 |
| 942 | |2 lcc |c EBOOK | ||
| 952 | |0 0 |1 0 |4 0 |6 CC0165 |7 1 |9 46677 |a ARCH |b ARCH |d 2023-04-12 |l 0 |o CC165 |r 2023-04-12 00:00:00 |w 2023-04-12 |y EBOOK | ||
| 999 | |c 52335 |d 52335 | ||
